|
|
|
|
| LEADER |
00981nam a2200253 a 4500 |
| 001 |
GR-MES16752 |
| 008 |
141015s2006 mau g b 001 0 eng d |
| 020 |
|
|
|a 0618519882
|
| 040 |
|
|
|a GrPaTEI
|b gre
|c GR-PaULI
|
| 040 |
|
|
|a GrPaTEI
|b gre
|c GR-PaULI
|
| 082 |
|
0 |
|a 658.872
|2 22
|
| 100 |
1 |
|
|a Canzer, Brahm
|
| 245 |
1 |
0 |
|a E-Business :
|b strategic thinking and practice /
|c Brahn Canzer.
|
| 250 |
|
|
|a 2nd ed.
|
| 260 |
|
|
|a Boston :
|b Houghton Mifflin Company,
|c 2006
|
| 300 |
|
|
|a xx, 345 σ. :
|b εικ.
|
| 504 |
|
|
|a Περιλαμβάνει βιβλιογραφίες και ευρετήριο.
|
| 650 |
|
0 |
|a Electronic commerce
|
| 700 |
1 |
|
|a Canzer, Brahm
|
| 710 |
0 |
|
|a Hougton Mifflin Company
|
| 942 |
|
|
|2 ddc
|
| 952 |
|
|
|0 0
|1 0
|2 ddc
|4 0
|6 658_872000000000000_CAN
|7 0
|9 274750
|a MSLG
|b MSLG
|c BSC
|d 2021-01-17
|e 24
|f 0
|g 0.00
|l 0
|o 658.872 CAN
|p 2420000024595
|r 2021-01-17 00:00:00
|t 1
|w 2021-01-17
|y BK15
|x 20141015 0 ΧΑΣΑΝΗ 1
|x GrPaTEI
|
| 971 |
|
|
|a .b25828010
|b 15-04-20
|c 13-09-16
|
| 999 |
|
|
|c 159075
|d 159075
|